000 00493nam a2200181Ia 4500
005 20250508152529.0
008 008 250505s9999 xx 000 0 eng d
037 _aTextual
040 _aFEDL
_beng
_cFEDL
041 _aeng
_2eng
084 _a510, HOW
_qFEDL
100 _aHowe George
_9761713
245 0 _aMathematics for the practical man
260 _aPrinceton
_bD Van Nostrand Company
_c1957
300 _a150p
942 _cTEXL
_h510, HOW
999 _c1337040
_d1337040